| 000 | 00681nam a22002417a 4500 | ||
|---|---|---|---|
| 003 | UA-OsUOA | ||
| 001 | 41277 | ||
| 007 | ta | ||
| 008 | 20080723b un ||||| |||| 00| 0 ukr d | ||
| 100 | _aБалей Петро | ||
| 090 |
_a32(091) _bБ20 |
||
| 942 | _cBK | ||
| 040 |
_aUA-OsUOA _bukr _cUA-OsUOA _dUA-OsUOA |
||
| 245 |
_aОбезвласнене суспільство _cДруге видання |
||
| 300 | _a728 с. | ||
| 955 | _a1 | ||
| 041 | _aukr | ||
| 080 | _a32(091) | ||
| 260 |
_aК. _b"Смолоскип" _c2003 |
||
| 246 | 3 | 1 | _aМарксизм: утопія в теорії і терор у практиці |
| 650 | 7 |
_a32 Політика _2UDC |
|
| 999 |
_c439774 _d439774 |
||